000 00792nam a2200229Ii 4500
003 JO-AjNU
008 230605s9999||||xx |||||||||||||| ||und||
017 _a2011/10/3799
020 _a978 - 9957 - 16 - 772 - 1
040 _aJO-AjNU
_bara
_erda
_cJO-AjNU
041 _aara
050 1 4 _aKMM394.6.2015
100 3 _a أحمد، عبد الرحمن توفيق ,
_eauthor
_950711
245 0 0 _aشرح قانون العقوبات :القسم العام وفق أحدث التعديلات
250 _aط2
264 3 1 _aعمان : دار الثقافة ، 2015
300 _a491ص
336 _atext
_btxt
_2rdacontent
337 _aunmediated
_bn
_2rdamedia
338 _avolume
_bnc
_2rdacarrier
650 4 _aالقانون الجنائي -- العقوبات -- الاردن
_950712
999 _aA22355
_c25923
_d25923